[Event "Rated Blitz game"]
[Site "?"]
[Date "2021.06.04"]
[Round "?"]
[White "NormWeinstein"]
[Black "KinzyabulatovRenat"]
[Result "1/2-1/2"]
[WhiteElo "2493"]
[BlackElo "2383"]
[PlyCount "138"]
[EventDate "2021.??.??"]
[EventType "blitz"]

1. e4 e5 2. Nf3 d5 3. d4 dxe4 4. Nxe5 Bd6 5. Bf4 Nf6 6. Be2 O-O 7. O-O Nbd7 8.
Nc3 Nb6 9. f3 exf3 10. Bxf3 c6 11. Kh1 Nbd5 12. Nxd5 Nxd5 13. Bxd5 cxd5 14. Qf3
Be6 15. Nd3 Rc8 16. Bxd6 Qxd6 17. c3 b6 18. h3 h6 19. Rae1 a5 20. Re2 Rce8 21.
Rfe1 Bd7 22. Nf4 Bc6 23. Rxe8 Rxe8 24. Rxe8+ Bxe8 25. Nxd5 Bc6 26. Ne7+ Qxe7
27. Qxc6 Qe1+ 28. Kh2 Qf2 29. Qb5 Qf4+ 30. Kg1 Qe3+ 31. Kf1 Qc1+ 32. Kf2 Qf4+
33. Ke2 Qe4+ 34. Kd1 Qxg2 35. Qxb6 Qxh3 36. Qxa5 Qd3+ 37. Kc1 g6 38. a4 h5 39.
Qd8+ Kg7 40. a5 Qf1+ 41. Kc2 Qe2+ 42. Kb1 Qd3+ 43. Ka2 Qc4+ 44. Ka3 f6 45. Qe7+
Kh6 46. Qxf6 Qb5 47. Qe5 Qb7 48. Qf4+ Kg7 49. b4 Qc6 50. Qe5+ Kh6 51. Qc5 Qf3
52. a6 h4 53. a7 h3 54. Qc8 h2 55. Qh8+ Kg5 56. Qxh2 Qxc3+ 57. Ka4 Qa1+ 58. Kb5
Qxa7 59. Qg3+ Kf6 60. Qh4+ g5 61. Qh6+ Kf5 62. Qb6 Qd7+ 63. Qc6 Qd5+ 64. Qxd5+
Kg4 65. Qg2+ Kf4 66. d5 g4 67. Qxg4+ Kxg4 68. d6 Kf5 69. d7 Ke6 {Time forfeit}
1/2-1/2

[Event "Rated Blitz game"]
[Site "?"]
[Date "2021.06.04"]
[Round "?"]
[White "stuffings"]
[Black "ahoramahora"]
[Result "1-0"]
[WhiteElo "2409"]
[BlackElo "2355"]
[PlyCount "94"]
[EventDate "2021.??.??"]
[EventType "blitz"]

1. e4 e5 2. Nf3 d5 3. exd5 e4 4. Nd4 Qxd5 5. Ne2 Qe5 6. d4 exd3 7. Qxd3 Bf5 8.
Qb3 b6 9. Nbc3 Nc6 10. Bf4 Qe6 11. Bxc7 Rc8 12. Bf4 Nf6 13. Qxe6+ fxe6 14.
O-O-O Bb4 15. f3 Kf7 16. a3 Bc5 17. g4 Bg6 18. h4 h5 19. g5 Ng8 20. Rd7+ Nge7
21. Bh3 Rcd8 22. Rhd1 Rxd7 23. Rxd7 Rd8 24. Rxd8 Nxd8 25. Be5 Nec6 26. Bf4 Nd4
27. Nxd4 Bxd4 28. Ne2 Bf2 29. Bg3 Be3+ 30. Kd1 Nc6 31. Nf4 Bxf4 32. Bxf4 Nd4
33. Bb8 Nxf3 34. Bxa7 Nxh4 35. Bxb6 Nf3 36. a4 Nxg5 37. Bg2 h4 38. a5 h3 39.
Bh1 Ne4 40. a6 Ng3 41. Bc6 h2 42. Bc7 Be4 43. Bxe4 Nxe4 44. Bxh2 Nf2+ 45. Kc1
Ng4 46. Bb8 Nf2 47. a7 Nd3+ {Normal} 1-0

[Event "Rated Blitz game"]
[Site "?"]
[Date "2021.06.04"]
[Round "?"]
[White "totoff"]
[Black "Aga571"]
[Result "1-0"]
[WhiteElo "2403"]
[BlackElo "2359"]
[PlyCount "85"]
[EventDate "2021.??.??"]
[EventType "blitz"]

1. e4 e5 2. Nf3 d5 3. Nxe5 Bd6 4. d4 dxe4 5. Nc4 Nf6 6. Bg5 O-O 7. Ne3 Nc6 8.
c3 a6 9. Bc4 b5 10. Bb3 Bb7 11. O-O h6 12. Bh4 Na5 13. Bc2 Re8 14. Nd2 Nc4 15.
Ndxc4 bxc4 16. Nxc4 g5 17. Bg3 Bxg3 18. hxg3 Qd5 19. Ne5 e3 20. f3 Rxe5 21.
dxe5 Qxe5 22. Qe2 Nh5 23. f4 gxf4 24. gxf4 Nxf4 25. Qg4+ Ng6 26. Bxg6 fxg6 27.
Qxg6+ Qg7 28. Qxg7+ Kxg7 29. Rae1 Re8 30. Rf4 Bc6 31. Rd4 Re5 32. Rd3 Rg5 33.
Rexe3 Rxg2+ 34. Kf1 Rxb2 35. Rg3+ Kh7 36. Rde3 Bb5+ 37. Ke1 Rxa2 38. Re7+ Kh8
39. Rxc7 h5 40. c4 h4 41. Rd3 Ra1+ 42. Kd2 Ra2+ 43. Kc1 {Time forfeit} 1-0

[Event "Rated Blitz game"]
[Site "?"]
[Date "2021.06.04"]
[Round "?"]
[White "YuaDewhirst"]
[Black "annaly1979"]
[Result "1-0"]
[WhiteElo "2452"]
[BlackElo "2436"]
[PlyCount "81"]
[EventDate "2021.??.??"]
[EventType "blitz"]

1. e4 e5 2. Nf3 d5 3. Nxe5 Qe7 4. d4 f6 5. Nd3 Nc6 6. Nc3 dxe4 7. Nf4 f5 8. Bb5
a6 9. Bxc6+ bxc6 10. d5 Nf6 11. dxc6 Qc5 12. Nfd5 Nxd5 13. Nxd5 Bd6 14. Bf4
Qxc6 15. Bxd6 Qxd6 16. c4 Bb7 17. Qa4+ Bc6 18. Qa5 Bxd5 19. Rd1 e3 20. Rxd5
exf2+ 21. Kxf2 Qf4+ 22. Ke2 O-O 23. Re1 Rae8+ 24. Kd3 Re4 25. Qd2 Qg4 26. Rxe4
Qxe4+ 27. Kc3 Rb8 28. Rd8+ Rxd8 29. Qxd8+ Kf7 30. Qxc7+ Kg6 31. Qd6+ Kg5 32.
Qd4 Qe1+ 33. Qd2+ Qxd2+ 34. Kxd2 Kf4 35. b4 Ke5 36. Ke3 g5 37. h4 h6 38. a4 f4+
39. Kf3 Kd4 40. b5 a5 41. b6 {Normal} 1-0

[Event "Rated Blitz game"]
[Site "?"]
[Date "2021.06.04"]
[Round "?"]
[White "ZAN_GUREEZ123"]
[Black "KinzyabulatovRenat"]
[Result "1-0"]
[WhiteElo "2476"]
[BlackElo "2391"]
[PlyCount "101"]
[EventDate "2021.??.??"]
[EventType "blitz"]

1. e4 e5 2. Nf3 d5 3. exd5 e4 4. Qe2 Nf6 5. d3 Qxd5 6. Nc3 Bb4 7. dxe4 Qxe4 8.
Nd2 Qxe2+ 9. Bxe2 O-O 10. O-O Re8 11. Bf3 c6 12. Nde4 Nbd7 13. Bg5 Nxe4 14.
Nxe4 h6 15. Bh4 Ne5 16. c3 Nxf3+ 17. gxf3 Bf8 18. Rfd1 f5 19. Nd6 Bxd6 20. Rxd6
g5 21. Bg3 f4 22. Rxh6 Kg7 23. Rd6 Be6 24. Re1 Kf7 25. b3 Rad8 26. Rexe6 Rxe6
27. Rxd8 Re2 28. Rd7+ Kf6 29. Rxb7 Rxa2 30. Rc7 Ra6 31. b4 Kf5 32. Kg2 fxg3 33.
hxg3 Ke5 34. g4 Kd5 35. Rg7 Kc4 36. Rxg5 Kxc3 37. b5 Rb6 38. Rc5+ Kb4 39. Rxc6
Rxb5 40. Kg3 a5 41. g5 a4 42. f4 a3 43. g6 a2 44. Rc1 Ka3 45. Ra1 Kb2 46. Rxa2+
Kxa2 47. g7 Rb8 48. f5 Kb3 49. f6 Kc4 50. f7 Kd5 51. g8=Q {Normal} 1-0

[Event "Rated Blitz game"]
[Site "?"]
[Date "2021.06.04"]
[Round "?"]
[White "SomeCM"]
[Black "KamranShirazi"]
[Result "1-0"]
[WhiteElo "2478"]
[BlackElo "2478"]
[PlyCount "75"]
[EventDate "2021.??.??"]
[EventType "blitz"]

1. e4 e5 2. Nf3 d5 3. exd5 e4 4. Qe2 Nf6 5. Nc3 Be7 6. Nxe4 Nxd5 7. d3 O-O 8.
g3 f5 9. Nc3 Bb4 10. Bd2 Re8 11. Ne5 Nc6 12. f4 Nd4 13. Qd1 Nxc3 14. bxc3 Qd5
15. Rg1 Nf3+ 16. Kf2 Bc5+ 17. d4 Nxd4 18. Bc4 Ne6+ 19. Kf1 Qd6 20. Rg2 b5 21.
Bb3 Bb7 22. Re2 Be4 23. Be3 Bxe3 24. Rxe3 Qc5 25. Qd7 Qb6 26. Rxe4 fxe4 27. f5
h6 28. Bxe6+ Kh7 29. Qf7 Rxe6 30. fxe6 Qc5 31. Qf5+ Kg8 32. g4 Rf8 33. Nf7 Qc4+
34. Kg2 Qxc3 35. Rf1 Rb8 36. Qxe4 Qd2+ 37. Rf2 Qd1 38. e7 {Time forfeit} 1-0

[Event "Rated Blitz game"]
[Site "?"]
[Date "2021.06.04"]
[Round "?"]
[White "totoff"]
[Black "Aga571"]
[Result "0-1"]
[WhiteElo "2402"]
[BlackElo "2360"]
[PlyCount "58"]
[EventDate "2021.??.??"]
[EventType "blitz"]

1. e4 e5 2. Nf3 d5 3. Nxe5 Bd6 4. d4 dxe4 5. Nc4 Nf6 6. Bg5 h6 7. Bh4 g5 8. Bg3
Bxg3 9. hxg3 Be6 10. Ne3 Nc6 11. c3 Qd6 12. Nd2 O-O-O 13. Ndc4 Qe7 14. b4 Nxb4
15. cxb4 Qxb4+ 16. Qd2 Qxd2+ 17. Kxd2 Rxd4+ 18. Kc3 c5 19. Be2 Rhd8 20. Rxh6
Nd5+ 21. Nxd5 R4xd5 22. a4 Rd3+ 23. Bxd3 Rxd3+ 24. Kc2 Bxc4 25. Re1 Bb3+ 26.
Kc1 c4 27. Rxe4 c3 28. Rh1 c2 29. Ree1 Bxa4 {Normal} 0-1

[Event "Rated Blitz game"]
[Site "?"]
[Date "2021.06.04"]
[Round "?"]
[White "MyMainManMaxEuwe"]
[Black "ahoramahora"]
[Result "0-1"]
[WhiteElo "2413"]
[BlackElo "2355"]
[PlyCount "60"]
[EventDate "2021.??.??"]
[EventType "blitz"]

1. e4 e5 2. Nf3 d5 3. Nxe5 Bd6 4. d4 dxe4 5. Bc4 Bxe5 6. Qh5 Qe7 7. dxe5 Be6 8.
Na3 Nc6 9. O-O O-O-O 10. Bg5 f6 11. exf6 Nxf6 12. Qh4 Rhf8 13. Rad1 Rxd1 14.
Rxd1 Bxc4 15. Nxc4 Qe6 16. Ne3 h6 17. Bxf6 Rxf6 18. Qg3 g5 19. Nd5 Rf7 20. c4
Ne5 21. h3 Nxc4 22. Rc1 Qxd5 23. b3 Ne5 24. Qe3 Nd3 25. Rc4 Nxf2 26. Qxa7 Qd1+
27. Kh2 Qd6+ 28. Kg1 Nxh3+ 29. gxh3 Qg3+ 30. Kh1 Rf1+ {Normal} 0-1

[Event "Rated Blitz game"]
[Site "?"]
[Date "2021.06.04"]
[Round "?"]
[White "Bangkim_Manipur"]
[Black "ahoramahora"]
[Result "1/2-1/2"]
[WhiteElo "2414"]
[BlackElo "2355"]
[PlyCount "116"]
[EventDate "2021.??.??"]
[EventType "blitz"]

1. e4 e5 2. Nf3 d5 3. Nxe5 Bd6 4. d4 dxe4 5. Bc4 Bxe5 6. dxe5 Qxd1+ 7. Kxd1 Nc6
8. Bb5 Bg4+ 9. Ke1 O-O-O 10. Bd2 Nxe5 11. Nc3 Nf6 12. h3 Bf5 13. Bf4 Ng6 14.
Be3 a6 15. Bc4 Rhf8 16. Ke2 Ne5 17. Bb3 h6 18. Rad1 c6 19. Bb6 Rxd1 20. Rxd1
Nfd7 21. Be3 Re8 22. Na4 g5 23. Nc5 Nxc5 24. Bxc5 Be6 25. g4 Ng6 26. Be3 Nf4+
27. Bxf4 gxf4 28. Rd4 Bxb3 29. axb3 Kc7 30. f3 exf3+ 31. Kxf3 Re3+ 32. Kg2 f3+
33. Kg3 f2+ 34. Kxf2 Rxh3 35. Rf4 Rh2+ 36. Kg3 Rxc2 37. Rxf7+ Kb6 38. Rf6 Rxb2
39. Rxh6 Rxb3+ 40. Kf4 a5 41. g5 Rb4+ 42. Kf5 a4 43. g6 Rb1 44. Rh4 Rf1+ 45.
Rf4 Rd1 46. Rxa4 Kb5 47. Rg4 c5 48. g7 Rd8 49. Kf6 c4 50. Kf7 Rd7+ 51. Kf6 Rxg7
52. Rxg7 c3 53. Rxb7+ Kc4 54. Ke5 Kd3 55. Rd7+ Ke2 56. Kd4 c2 57. Rc7 Kd2 58.
Rxc2+ Kxc2 {Normal} 1/2-1/2

[Event "Rated Blitz game"]
[Site "?"]
[Date "2021.06.04"]
[Round "?"]
[White "berndhoy"]
[Black "KinzyabulatovRenat"]
[Result "1-0"]
[WhiteElo "2463"]
[BlackElo "2387"]
[PlyCount "63"]
[EventDate "2021.??.??"]
[EventType "blitz"]

1. e4 e5 2. Nf3 d5 3. Nxe5 Bd6 4. d4 dxe4 5. Nc4 Nf6 6. Nxd6+ Qxd6 7. c4 Nc6 8.
Be3 Bg4 9. Be2 Qb4+ 10. Qd2 Bxe2 11. Kxe2 O-O-O 12. Qxb4 Nxb4 13. Nc3 Nc2 14.
Rad1 c6 15. Rd2 Nxe3 16. fxe3 Rhf8 17. Rf1 Rde8 18. b4 Nd7 19. Rf4 f5 20. g4 g6
21. gxf5 gxf5 22. Rh4 Re7 23. Rd1 Rg7 24. Rf1 Nb6 25. c5 Nc4 26. Nxe4 Rg2+ 27.
Rf2 Rxf2+ 28. Nxf2 Re8 29. e4 fxe4 30. Nxe4 h5 31. Kd3 b5 32. cxb6 {Normal} 1-0

[Event "Rated Blitz game"]
[Site "?"]
[Date "2021.06.04"]
[Round "?"]
[White "wsiie"]
[Black "khalid_ontawar"]
[Result "1-0"]
[WhiteElo "2364"]
[BlackElo "2423"]
[PlyCount "103"]
[EventDate "2021.??.??"]
[EventType "blitz"]

1. e4 e5 2. Nf3 d5 3. Nxe5 Qe7 4. d4 f6 5. Qh5+ g6 6. Nxg6 Qxe4+ 7. Be2 Qxg6 8.
Qxd5 h5 9. Nc3 Bd6 10. Ne4 f5 11. Nc3 Ne7 12. Qb3 Nbc6 13. Be3 Bd7 14. O-O-O
O-O-O 15. Bf3 f4 16. Bd2 Bg4 17. Rhe1 Bxf3 18. gxf3 Rhe8 19. d5 Ne5 20. Nb5 a6
21. Nxd6+ cxd6 22. Bxf4 Qf5 23. Re4 N7g6 24. Be3 Qxf3 25. Rb4 Qf7 26. Rb6 Re7
27. Bg5 Rdd7 28. Bxe7 Qxe7 29. Qh3 Kb8 30. Qxh5 Qf6 31. Rb3 Rc7 32. Kb1 Nc4 33.
Qe2 Nf4 34. Qe4 Ng6 35. Qd4 Nge5 36. Rg3 Qf7 37. a3 Rc8 38. Ka2 Nd7 39. Rg7 Qe8
40. b3 Ncb6 41. Kb2 Nc5 42. Rdg1 Qe2 43. Rg8 Rxg8 44. Rxg8+ Ka7 45. Rg3 Qe1 46.
Rc3 Qh1 47. a4 a5 48. b4 axb4 49. Qxb4 Na6 50. Qb5 Nxd5 51. Rb3 b6 52. Qd7+ {
Time forfeit} 1-0

[Event "Rated Blitz game"]
[Site "?"]
[Date "2021.06.04"]
[Round "?"]
[White "Ranaroek66"]
[Black "ahoramahora"]
[Result "1-0"]
[WhiteElo "2616"]
[BlackElo "2355"]
[PlyCount "67"]
[EventDate "2021.??.??"]
[EventType "blitz"]

1. e4 e5 2. Nf3 d5 3. Nxe5 Bd6 4. d4 dxe4 5. Nc4 Nf6 6. Nc3 Bf5 7. Bg5 h6 8.
Bh4 Be7 9. Qd2 Nc6 10. O-O-O Qd7 11. d5 Nb4 12. a3 Nbxd5 13. Nxd5 Nxd5 14. Bxe7
Nxe7 15. Qf4 Qc6 16. Ne5 Qe6 17. Bc4 Qf6 18. Bxf7+ Kf8 19. Bb3 Ng6 20. Nxg6+
Bxg6 21. Qxc7 Re8 22. Rhe1 Bf7 23. Rd6 Qf4+ 24. Kb1 Bxb3 25. cxb3 e3 26. fxe3
Qe4+ 27. Ka2 Kg8 28. Rd7 Qe5 29. Qxe5 Rxe5 30. Rxb7 Kh7 31. Rxa7 Rf8 32. Re2
Rf1 33. a4 Re7 34. Rxe7 {Normal} 1-0

[Event "Rated Blitz game"]
[Site "?"]
[Date "2021.06.04"]
[Round "?"]
[White "Sulaymonov_Elbek_01"]
[Black "khalid_ontawar"]
[Result "0-1"]
[WhiteElo "2338"]
[BlackElo "2411"]
[PlyCount "58"]
[EventDate "2021.??.??"]
[EventType "blitz"]

1. e4 e5 2. Nf3 d5 3. exd5 e4 4. Ng1 Qxd5 5. Nc3 Qe5 6. Qe2 Nf6 7. d3 Bb4 8.
Bd2 O-O 9. dxe4 Re8 10. Nf3 Qa5 11. a3 Nc6 12. Qb5 Bxc3 13. Bxc3 Rxe4+ 14. Kd1
Qxb5 15. Bxb5 Bg4 16. Bxc6 Rd8+ 17. Kc1 bxc6 18. Bxf6 gxf6 19. c3 Re2 20. Nd4
Rxf2 21. h3 Bh5 22. g4 Bg6 23. h4 c5 24. h5 Bd3 25. Nc6 Rd6 26. Ne7+ Kf8 27.
Nf5 Rc2+ 28. Kb1 Rh2+ 29. Ka2 Bc4+ {Normal} 0-1

[Event "Rated Blitz game"]
[Site "?"]
[Date "2021.06.04"]
[Round "?"]
[White "Manuel_Ochoa"]
[Black "KinzyabulatovRenat"]
[Result "1-0"]
[WhiteElo "2468"]
[BlackElo "2381"]
[PlyCount "67"]
[EventDate "2021.??.??"]
[EventType "blitz"]

1. e4 e5 2. Nf3 d5 3. exd5 e4 4. Qe2 Nf6 5. d3 Qxd5 6. Nc3 Bb4 7. Bd2 Bxc3 8.
Bxc3 O-O 9. dxe4 Nxe4 10. Bd4 Re8 11. O-O-O Qxa2 12. b3 Nc6 13. Bb2 Bg4 14. Qe3
a5 15. h3 Bxf3 16. gxf3 Nf6 17. Qg5 Re6 18. Rg1 Ne8 19. Bc4 Rg6 20. Qf4 Kh8 21.
Bxf7 Rf6 22. Bxf6 Nxf6 23. Qg5 Qa1+ 24. Kd2 Qd4+ 25. Ke2 Qe5+ 26. Kf1 Qxg5 27.
Rxg5 Rf8 28. Be6 g6 29. Rc5 Nh5 30. Bd5 Ne5 31. Re1 Nxf3 32. Bxf3 Rxf3 33. Rxc7
b5 34. Re8+ {Time forfeit} 1-0

[Event "Rated Blitz game"]
[Site "?"]
[Date "2021.06.04"]
[Round "?"]
[White "ElDecano"]
[Black "pasha1984"]
[Result "0-1"]
[WhiteElo "2426"]
[BlackElo "2417"]
[PlyCount "116"]
[EventDate "2021.??.??"]
[EventType "blitz"]

1. e4 e5 2. Nf3 d5 3. Nxe5 dxe4 4. d4 Bd6 5. f4 Nf6 6. Bc4 O-O 7. O-O c5 8. c3
cxd4 9. cxd4 Nc6 10. Nc3 Qe7 11. h3 Nxd4 12. Be3 Nf5 13. Bf2 Bxe5 14. fxe5 Qxe5
15. Re1 Be6 16. Bxe6 Qxe6 17. Qa4 e3 18. Bh4 Rfe8 19. Bxf6 Qxf6 20. Rad1 h6 21.
Nd5 Qg5 22. Nc7 e2 23. Rd3 Nh4 24. Qg4 Qc5+ 25. Kh1 Nxg2 26. Qxg2 Qxc7 27. Rxe2
Rxe2 28. Qxe2 Qc6+ 29. Kg1 Re8 30. Qd2 Qg6+ 31. Kf2 Re5 32. Rd8+ Kh7 33. Qd3
Rf5+ 34. Ke1 Qg1+ 35. Kd2 Qf2+ 36. Kc1 Qf1+ 37. Kc2 Qxd3+ 38. Kxd3 Rf3+ 39. Ke4
Rxh3 40. Rd7 Rh4+ 41. Ke3 Rb4 42. b3 Kg6 43. Kd3 h5 44. Kc3 Rb6 45. a4 a5 46.
Rd5 Rc6+ 47. Kd3 b6 48. Kd4 f6 49. Rd8 Kf5 50. Rh8 g6 51. Kd5 Rc5+ 52. Kd4 Kg4
53. Kd3 f5 54. Kd4 f4 55. Kd3 f3 56. Rg8 g5 57. Rf8 Rf5 58. Ke3 Rxf8 {Normal}
0-1

[Event "Rated Blitz game"]
[Site "?"]
[Date "2021.06.04"]
[Round "?"]
[White "sack11"]
[Black "KinzyabulatovRenat"]
[Result "0-1"]
[WhiteElo "2476"]
[BlackElo "2394"]
[PlyCount "124"]
[EventDate "2021.??.??"]
[EventType "blitz"]

1. e4 e5 2. Nf3 d5 3. d4 dxe4 4. Nxe5 Bd6 5. Nc4 Nf6 6. Nc3 O-O 7. Bg5 Be7 8.
Be2 Nc6 9. Be3 Bb4 10. O-O Bxc3 11. bxc3 Nd5 12. Qd2 Bf5 13. Rab1 b6 14. h3 Bg6
15. Bg5 f6 16. Bh4 Kh8 17. Bg3 f5 18. Ne5 Nxe5 19. Bxe5 f4 20. c4 e3 21. fxe3
Nxe3 22. Rxf4 Rxf4 23. Bxf4 Nxc2 24. Rd1 Qe7 25. Bf3 Rd8 26. Qc3 a5 27. Kh2 Qa3
28. Qxa3 Nxa3 29. Bxc7 Rd7 30. d5 Rxc7 31. d6 Rd7 32. Bc6 Rd8 33. d7 Nxc4 34.
Re1 Kg8 35. Re8+ Bxe8 36. dxe8=Q+ Rxe8 37. Bxe8 Kf8 38. Bc6 Ne5 39. Bb5 Ke7 40.
Kg3 Kd6 41. Kf4 Kc5 42. Be2 Nc6 43. g4 Nb4 44. a4 Nd5+ 45. Ke5 Nc3 46. Bd3 h6
47. Bc2 Kb4 48. Kf5 Nxa4 49. Kg6 Nc5 50. Kxg7 Kc3 51. Bd1 a4 52. Bxa4 Nxa4 53.
Kxh6 b5 54. g5 b4 55. g6 b3 56. g7 b2 57. g8=Q b1=Q 58. Qg3+ Kb2 59. Qf2+ Ka3
60. Qe3+ Kb4 61. Qd4+ Ka5 62. Qd2+ Kb5 {Time forfeit} 0-1

[Event "Rated Blitz game"]
[Site "?"]
[Date "2021.06.04"]
[Round "?"]
[White "oj_ossa"]
[Black "KinzyabulatovRenat"]
[Result "0-1"]
[WhiteElo "2428"]
[BlackElo "2400"]
[PlyCount "108"]
[EventDate "2021.??.??"]
[EventType "blitz"]

1. e4 e5 2. Nf3 d5 3. Nc3 d4 4. Ne2 Bd6 5. Ng3 Ne7 6. Bc4 O-O 7. d3 Nbc6 8. a3
Be6 9. Bxe6 fxe6 10. O-O Ng6 11. c4 a5 12. b3 Nf4 13. Ne2 Qe8 14. g3 Nh3+ 15.
Kg2 Qh5 16. Neg1 Nxg1 17. Nxg1 Qg6 18. h4 Rf7 19. Nh3 h6 20. h5 Qf6 21. Qg4
Raf8 22. Bd2 Qe7 23. Bxh6 Bxa3 24. Ng5 Rf6 25. Bxg7 Kxg7 26. Nxe6+ Kh8 27. Nxf8
Rxf8 28. f4 Rg8 29. Qf5 exf4 30. Rxf4 Bd6 31. Rg4 Rxg4 32. Qxg4 Qg7 33. Qxg7+
Kxg7 34. Rf1 Ne5 35. Kh3 Nxd3 36. g4 Ne5 37. g5 d3 38. Rd1 Bb4 39. Kg3 d2 40.
Kf4 Nd3+ 41. Ke3 Nb2 42. Rxd2 Bxd2+ 43. Kxd2 a4 44. bxa4 Nxc4+ 45. Kc3 Nd6 46.
Kd4 Nf7 47. h6+ Kg6 48. e5 Nxg5 49. h7 Nxh7 50. Kd5 Kf7 51. e6+ Ke7 52. Ke5 Nf6
53. a5 Ne8 54. Kd5 Nf6+ {Time forfeit} 0-1

[Event "Rated Blitz game"]
[Site "?"]
[Date "2021.06.04"]
[Round "?"]
[White "Shaginyan_A"]
[Black "KinzyabulatovRenat"]
[Result "0-1"]
[WhiteElo "2438"]
[BlackElo "2396"]
[PlyCount "118"]
[EventDate "2021.??.??"]
[EventType "blitz"]

1. e4 e5 2. Nf3 d5 3. Nxe5 Bd6 4. d4 dxe4 5. Nc4 Nf6 6. Nc3 O-O 7. Be2 Nc6 8.
Bg5 Be7 9. Bxf6 Bxf6 10. Nxe4 Bxd4 11. c3 Re8 12. Ng3 Bf6 13. O-O Be6 14. Ne3
Ne5 15. Qa4 c6 16. Ne4 Be7 17. f4 Qb6 18. Qd4 Qxd4 19. cxd4 Nd7 20. f5 Bd5 21.
Nxd5 cxd5 22. Nc3 Nb6 23. Bf3 Rad8 24. Rfe1 Kf8 25. Rad1 Bf6 26. Rxe8+ Kxe8 27.
Kf2 a6 28. b3 Rd6 29. Ke3 Kd7 30. Kd3 Kc6 31. Rc1 Kd7 32. Ne2 Rc6 33. Rc5 Be7
34. Bxd5 Bxc5 35. Bxc6+ Kxc6 36. dxc5 Kxc5 37. Nf4 Kb4 38. Nh5 g6 39. Nf6 h5
40. fxg6 fxg6 41. Ne4 Nd5 42. Kc2 Ne3+ 43. Kb2 Nxg2 44. a3+ Kb5 45. Nd6+ Kc6
46. Nc4 g5 47. Ne5+ Kd5 48. Nf7 g4 49. Kc3 Ne3 50. Kd3 Nf1 51. Nd8 b5 52. Ke2
Nxh2 53. Kf2 Nf3 54. Nf7 Ne5 55. Ng5 h4 56. Ke3 h3 57. Ne4 h2 58. Nf2 g3 59.
Nh1 g2 {Normal} 0-1

[Event "Rated Blitz game"]
[Site "?"]
[Date "2021.06.04"]
[Round "?"]
[White "danielcuba"]
[Black "ahoramahora"]
[Result "1-0"]
[WhiteElo "2435"]
[BlackElo "2358"]
[PlyCount "35"]
[EventDate "2021.??.??"]
[EventType "blitz"]

1. e4 e5 2. Nf3 d5 3. exd5 e4 4. Nd4 Qxd5 5. Nb3 Qe5 6. Be2 Nf6 7. O-O Bd6 8.
g3 O-O 9. d4 Qf5 10. Nc3 a6 11. f3 exf3 12. Bxf3 Qg6 13. Qe2 Nc6 14. Ne4 Bh3
15. Nxf6+ Qxf6 16. Bg2 Qe6 17. Qxe6 Bxe6 18. d5 {Normal} 1-0

[Event "Rated Rapid game"]
[Site "?"]
[Date "2021.06.04"]
[Round "?"]
[White "Genialny_zolw"]
[Black "DarthZannah"]
[Result "0-1"]
[WhiteElo "2476"]
[BlackElo "2509"]
[PlyCount "100"]
[EventDate "2021.??.??"]
[EventType "rapid"]

1. e4 e5 2. Nf3 d5 3. exd5 e4 4. Qe2 Nf6 5. d3 Qxd5 6. Bg5 Be6 7. dxe4 Nxe4 8.
Be3 Nc6 9. c3 O-O-O 10. Nbd2 Nxd2 11. Nxd2 Bc5 12. Nc4 Rhe8 13. Bxc5 Qxc5 14.
Ne3 Nb4 15. Rd1 Rxd1+ 16. Qxd1 Rd8 17. Qa4 Qd6 18. Be2 Qd2+ 19. Kf1 Qc1+ 20.
Nd1 Bc4 21. Bxc4 Qxd1+ 22. Qxd1 Rxd1+ 23. Ke2 Rxh1 24. cxb4 Rxh2 25. g3 f6 26.
Be6+ Kd8 27. a3 c6 28. Bf5 Rh1 29. Be4 Rh5 30. Kd3 f5 31. Bf3 Rh2 32. Ke3 Ke7
33. a4 Kd6 34. b5 cxb5 35. axb5 b6 36. b4 Ke5 37. Bc6 g5 38. Kf3 h5 39. Ke3 f4+
40. gxf4+ gxf4+ 41. Kf3 Rh3+ 42. Kg2 Rb3 43. f3 Rxb4 44. Kh3 Kd4 45. Kh4 Kc5
46. Kxh5 Rxb5 47. Bxb5 Kxb5 48. Kg4 a5 49. Kxf4 a4 50. Ke3 a3 {Normal} 0-1

[Event "Rated Blitz game"]
[Site "?"]
[Date "2021.06.04"]
[Round "?"]
[White "Aronian1111"]
[Black "KinzyabulatovRenat"]
[Result "1-0"]
[WhiteElo "2456"]
[BlackElo "2411"]
[PlyCount "81"]
[EventDate "2021.??.??"]
[EventType "blitz"]

1. e4 e5 2. Nf3 d5 3. exd5 e4 4. Qe2 Nf6 5. d3 Qxd5 6. Nbd2 Nc6 7. dxe4 Qh5 8.
Qb5 Bc5 9. Nb3 Nxe4 10. Be3 Bb4+ 11. c3 Qxb5 12. Bxb5 Bd6 13. O-O-O Bd7 14.
Rhe1 O-O-O 15. Nbd4 Nxd4 16. Nxd4 Rhe8 17. Bxd7+ Rxd7 18. Nb5 a6 19. Nxd6+ Rxd6
20. Rxd6 Nxd6 21. Kd1 Kd7 22. Bd4 Rxe1+ 23. Kxe1 Nf5 24. Be5 f6 25. Bf4 g5 26.
Bd2 Nd6 27. b3 Ke6 28. f3 c5 29. c4 b5 30. cxb5 axb5 31. a4 b4 32. Ke2 Kd5 33.
Kd3 Nb7 34. g4 Na5 35. Kc2 h6 36. Be3 c4 37. bxc4+ Kxc4 38. Bb6 b3+ 39. Kb2 Kb4
40. Bxa5+ Kxa5 41. Kxb3 {Normal} 1-0

[Event "Rated Blitz game"]
[Site "?"]
[Date "2021.06.04"]
[Round "?"]
[White "opte17"]
[Black "KinzyabulatovRenat"]
[Result "0-1"]
[WhiteElo "2449"]
[BlackElo "2393"]
[PlyCount "98"]
[EventDate "2021.??.??"]
[EventType "blitz"]

1. e4 e5 2. Nf3 d5 3. exd5 e4 4. Qe2 Nf6 5. Nc3 Be7 6. Nxe4 Nxd5 7. d3 O-O 8.
Bd2 Re8 9. O-O-O f5 10. Neg5 Bf6 11. Be3 f4 12. Ne4 fxe3 13. fxe3 Nc6 14. Nxf6+
Qxf6 15. e4 Bg4 16. Qd2 Nf4 17. h3 Bxf3 18. gxf3 Rad8 19. Be2 Nd4 20. Bf1 c5
21. Bg2 b5 22. Rdf1 Nde2+ 23. Kb1 Ng3 24. Rfg1 Nxh1 25. Bxh1 Ne6 26. a3 Qf4 27.
Qg2 Rf8 28. Qf2 a5 29. Rg4 Qf6 30. Qg3 h5 31. Rh4 g6 32. Rxh5 Kg7 33. Rh4 b4
34. axb4 axb4 35. Rg4 Nf4 36. h4 Kh6 37. Rg5 Nh5 38. Qg4 Qf4 39. Qxf4 Rxf4 40.
Rxc5 Rxh4 41. Bg2 Nf4 42. Rc4 Rb8 43. d4 Nxg2 44. d5 Ne3 45. Rd4 Rf4 46. d6
Rxf3 47. d7 Rf1+ 48. Ka2 Nxc2 49. d8=Q b3# {Normal} 0-1

[Event "Rated Blitz game"]
[Site "?"]
[Date "2021.06.04"]
[Round "?"]
[White "ilija83gr"]
[Black "jsequera"]
[Result "1-0"]
[WhiteElo "2448"]
[BlackElo "2436"]
[PlyCount "99"]
[EventDate "2021.??.??"]
[EventType "blitz"]

1. e4 e5 2. Nf3 d5 3. exd5 e4 4. Qe2 f5 5. d3 Nf6 6. dxe4 fxe4 7. Ng5 Be7 8.
Nxe4 O-O 9. Nbc3 Bb4 10. Nxf6+ Qxf6 11. Bd2 Bd7 12. O-O-O Na6 13. f3 Rae8 14.
Qc4 Kh8 15. Ne4 Qb6 16. Bxb4 Nxb4 17. a3 Na6 18. Qd4 Qh6+ 19. Kb1 Rf5 20. Bd3
Rh5 21. g4 Rxh2 22. Rxh2 Qxh2 23. Ng5 h6 24. Ne6 Bxe6 25. dxe6 Qd6 26. Bg6 Rxe6
27. Qxd6 cxd6 28. Bf5 Rf6 29. Re1 g6 30. Be4 Nc5 31. Bd5 Rf8 32. b4 Nd7 33. Re7
Ne5 34. Rxb7 Nxf3 35. Bxf3 Rxf3 36. Rxa7 h5 37. gxh5 gxh5 38. Ra5 Kg7 39. Rxh5
Rxa3 40. Rd5 Ra6 41. b5 Rb6 42. c4 Kf7 43. Kc2 Ke6 44. Kc3 Rb8 45. Kb4 Ra8 46.
b6 Rc8 47. Kb5 Ra8 48. b7 Rb8 49. Kb6 Kd7 50. c5 {Normal} 1-0

[Event "Rated Blitz game"]
[Site "?"]
[Date "2021.06.04"]
[Round "?"]
[White "Radivas"]
[Black "elrond"]
[Result "1-0"]
[WhiteElo "2369"]
[BlackElo "2404"]
[PlyCount "107"]
[EventDate "2021.??.??"]
[EventType "blitz"]

1. e4 e5 2. Nf3 d5 3. Nxe5 dxe4 4. d4 Be6 5. c4 Nf6 6. Nc3 Bb4 7. Qa4+ Nc6 8.
Nxc6 Bxc3+ 9. bxc3 bxc6 10. Qxc6+ Kf8 11. Ba3+ Kg8 12. d5 Bf5 13. Be2 h5 14.
Bc1 Ng4 15. Bf4 Rc8 16. h3 Qf6 17. Qxf6 Nxf6 18. Kd2 Kh7 19. Ke3 Rhe8 20. g4
Bg6 21. Rab1 hxg4 22. hxg4+ Kg8 23. Rb7 Re7 24. Rhb1 a5 25. Rb8 Rxb8 26. Rxb8+
Kh7 27. Ra8 Nd7 28. Rxa5 Nb6 29. Rc5 Na8 30. a4 f5 31. g5 Be8 32. a5 g6 33. a6
Ba4 34. Kd4 Kg7 35. Be5+ Kf7 36. Bf6 Rd7 37. Ke5 Bc2 38. f3 e3 39. Kd4 f4 40.
Ke5 Nb6 41. Kxf4 Re7 42. Be5 Nd7 43. Rxc7 Nxe5 44. Rxe7+ Kxe7 45. Kxe5 Bd3 46.
Bxd3 e2 47. Bxe2 Kd7 48. c5 Kc7 49. d6+ Kb8 50. d7 Ka7 51. Ke6 Kb8 52. d8=Q+
Ka7 53. Qb6+ Ka8 54. Qb7# {Normal} 1-0

[Event "Rated Blitz game"]
[Site "?"]
[Date "2021.06.04"]
[Round "?"]
[White "andro2"]
[Black "ahoramahora"]
[Result "1-0"]
[WhiteElo "2414"]
[BlackElo "2366"]
[PlyCount "33"]
[EventDate "2021.??.??"]
[EventType "blitz"]

1. e4 e5 2. Nf3 d5 3. Nxe5 Bd6 4. d4 dxe4 5. Qe2 Nf6 6. Nc3 Bf5 7. Bg5 h6 8.
Bxf6 Qxf6 9. Nxe4 Bxe4 10. Qxe4 O-O 11. O-O-O Re8 12. Bd3 Bxe5 13. dxe5 Qxe5
14. Qh7+ Kf8 15. Rhe1 Qg5+ 16. Kb1 Rxe1 17. Rxe1 {Normal} 1-0